Boquitas pintadas

Sábháilte in:
Sonraí bibleagrafaíochta
Príomhchruthaitheoir: Puíg, Manuel (Údar)
Formáid: LEABHAR
Teanga:Spáinnis
Foilsithe / Cruthaithe: Buenos Aires Sudamericana 1972
Eagrán:10a. ed
Sraith:Colección El Espejo
Ábhair:
Clibeanna: Cuir clib leis
Níl clibeanna ann, Bí ar an gcéad duine le clib a chur leis an taifead seo!

MARC

LEADER 00000nam a2200000 a 4500
001 UCT6479
003 CL-VaPUC
008 970113e19720000AG |||||||||||||||||spa|d
082 0 4 |a Ar863  |b PUI  |2 21 
100 0 |a Puíg, Manuel  |e author  |9 376679 
245 1 0 |a Boquitas pintadas 
250 |a 10a. ed 
300 |a 241 p 
942 |c BK 
945 |d 19970113 00:00:00  |a nastorga 
260 |a Buenos Aires  |b Sudamericana  |c 1972 
650 0 |a Novelas argentinas  |9 267871 
583 |a last modification  |c 19970113 00:00:00  |k Rodrigo Vera 
490 0 |a Colección El Espejo 
999 |c 255178  |d 255176 
952 |0 0  |1 0  |4 0  |6 AR_863_000000000000000_PUI_1972  |7 0  |8 A  |9 277304  |a BIBEDU  |b BIBEDU  |d 2019-11-19  |i 3266346  |o Ar863 PUI 1972  |p 3266346  |r 2019-11-19  |w 2019-11-19  |y BK  |k LIT